Sports Quiz

Random Sports or Football Quiz
Score 0/63 Timer 08:00
1 Play Today
Team Quarterback % Correct
Indianapolis ColtsPeyton Manning
96.1%
New York GiantsEli Manning
95.9%
New England PatriotsTom Brady
95.1%
Green Bay PackersAaron Rodgers
89.4%
Dallas CowboysTony Romo
87.5%
New Orleans SaintsDrew Brees
86.8%
Philadelphia EaglesMichael Vick
86.3%
New York JetsMark Sanchez
85.4%
Cincinnati BengalsCarson Palmer
85.1%
Baltimore RavensJoe Flacco
84.7%
Minnesota VikingsBrett Favre
84.3%
San Francisco 49ersAlex Smith
84%
San Francisco 49ersTroy Smith
83%
Tennessee TitansRusty Smith
82.8%
Pittsburgh SteelersBen Roethlisberger
82.4%
Detroit LionsMatthew Stafford
82.3%
Chicago BearsJay Cutler
82.3%
Atlanta FalconsMatthew Ryan
82%
Seattle SeahawksMatt Hasselbeck
81.8%
San Diego ChargersPhilip Rivers
81.3%
Washington RedskinsDonovan McNabb
78.7%
Denver BroncosKyle Orton
75.9%
Tennessee TitansVince Young
75.3%
Houston TexansMatt Schaub
75.1%
Denver BroncosTim Tebow
72.4%
St. Louis RamsSam Bradford
72.1%
Kansas City ChiefsMatt Cassel
70.4%
Buffalo BillsRyan Fitzpatrick
69.9%
Philadelphia EaglesKevin Kolb
69%
Jacksonville JaguarsDavid Garrard
68.2%
Miami DolphinsChad Henne
67.2%
Minnesota VikingsTarvaris Jackson
66.3%
Team Quarterback % Correct
Tampa Bay BuccaneersJosh Freeman
65.2%
Tennessee TitansKerry Collins
63.1%
Chicago BearsTodd Collins
62.3%
Cleveland BrownsJake Delhomme
57.9%
Cleveland BrownsColt McCoy
57.4%
Dallas CowboysJon Kitna
57.2%
Washington RedskinsRex Grossman
54.9%
Pittsburgh SteelersCharlie Batch
53.9%
Arizona CardinalsDerek Anderson
51.7%
Oakland RaidersJason Campbell
50.3%
Miami DolphinsChad Pennington
49.5%
Green Bay PackersMatt Flynn
46.6%
Carolina PanthersJimmy Clausen
46%
Carolina PanthersMatt Moore
41%
Pittsburgh SteelersDennis Dixon
38.4%
Buffalo BillsTrent Edwards
37.4%
Jacksonville JaguarsTrent Edwards
37.4%
Cleveland BrownsSeneca Wallace
35.5%
Seattle SeahawksCharlie Whitehurst
31.4%
Minnesota VikingsJoe Webb
31.2%
Oakland RaidersBruce Gradkowski
30.9%
Detroit LionsShaun Hill
28.6%
Arizona CardinalsJohn Skelton
24.8%
Miami DolphinsTyler Thigpen
21.9%
Detroit LionsDrew Stanton
21.2%
Kansas City ChiefsBrodie Croyle
18.7%
Arizona CardinalsMax Hall
16.6%
Dallas CowboysStephen McGee
12.1%
Buffalo BillsBrian Brohm
9.7%
Carolina PanthersBrian St. Pierre
6.8%
Jacksonville JaguarsTodd Bouman
4.4%
Remove Ads.
Support Sporcle.
Get the best of Sporcle when you Go Orange. This ad-free experience offers more features, more stats, and more fun while also helping to support Sporcle. Thank you for becoming a member.

You're not logged in!

Compare scores with friends on all Sporcle quizzes.
OR
Log In

Sporcle TV

Today on Sporcle TV


Watch our educational content, quiz creation guides, and fun videos on Sporcle TV.

Show Comments

Extras

Top Quizzes Today


Score Distribution

Paid Content

Your Account Isn't Verified!

In order to create a playlist on Sporcle, you need to verify the email address you used during registration. Go to your Sporcle Settings to finish the process.

Report this User

Report this user for behavior that violates our Community Guidelines.

Details: